000 00402nam a2200145Ia 4500
008 260514s2025 xx 000 0 und d
041 _aeng
082 _bM-3796
100 _aDR.PRASHANT PINGALE
245 _aMOLECULAR PHARMACEUTICS NANOTECH AND TARGETED
260 _aPUNE
_bEVEREST PUB HOUSE
_c2025
300 _aP.B./418
650 _aMOLECULAR PHARMACEUTICS
700 _aDR.AMATJITSING RAJPUT
999 _c1221651
_d1221651